Best Countries at English - Statistics

General Stats
  • This quiz has been taken 39 times
  • The average score is 12 of 15
Answer Stats
Continent Score Country % Correct
Europe 62.35 Germany
97%
Europe 67.77 Norway
95%
Europe 70.40 Sweden
95%
Europe 69.93 Denmark
92%
Europe 71.45 Netherlands
92%
Europe 65.83 Finland
89%
Asia 66.03 Singapore
87%
Europe 62.07 Poland
84%
Europe 62.18 Austria
82%
Europe 61.58 Belgium
79%
Europe 60.95 Switzerland
79%
Europe 64.57 Luxembourg
74%
Africa 63.37 South Africa
63%
Asia 61.07 Malaysia
61%
Asia 60.59 Philippines
26%
No matching quizzes found
Score Distribution
Percent of People with Each Score
Percentile by Number Answered
Your Score History
You have not taken this quiz